Illinois corrections master plan / JUVE Juvenile division / proj. coord. Michael P. Dane

Gespeichert in:  
Bibliographische Detailangaben
Beteiligte: Brown, James W. (BeteiligteR)
Medienart: Druck Buch
Sprache:Englisch
Veröffentlicht: Champaign, Ill. National Clearinghouse for Criminal Justice Planning and Architecture 1977
In: Illinois corrections master plan
Jahr: 1977
Bestand in Tübingen:In Tübingen vorhanden.
UB: KB 1 C 6-2
Verfügbarkeit prüfen: HBZ Gateway
Subito Bestelldienst: Jetzt bestellen.

MARC

LEADER 00000cam a22000002cc4500
001 112231034X
003 DE-627
005 20220516133108.0
007 tu
008 960603s1977 xx ||||| 00| ||eng c
035 |a (DE-627)112231034X 
035 |a (DE-576)052310345 
035 |a (DE-599)BSZ052310345 
035 |a (OCoLC)312327838 
040 |a DE-627  |b ger  |c DE-627  |e rakwb 
041 |a eng 
245 0 0 |a Illinois corrections master plan  |n JUVE  |p Juvenile division / proj. coord. Michael P. Dane 
264 1 |a Champaign, Ill.  |b National Clearinghouse for Criminal Justice Planning and Architecture  |c 1977 
300 |a 130 S. 
336 |a Text  |b txt  |2 rdacontent 
337 |a ohne Hilfsmittel zu benutzen  |b n  |2 rdamedia 
338 |a Band  |b nc  |2 rdacarrier 
583 1 |a Archivierung prüfen  |c 20200919  |f DE-640  |z 1  |2 pdager 
700 1 |a Brown, James W.  |0 (DE-627)137605437X  |0 (DE-576)30605437X  |4 oth 
773 1 8 |a Illinois corrections master plan  |w (DE-627)112231017X  |w (DE-576)052310175  |g (JUVE)  |q juve  |7 nnam 
951 |a MV 
ELC |b 1 
LOK |0 000 xxxxxcx a22 zn 4500 
LOK |0 001 2282124944 
LOK |0 003 DE-627 
LOK |0 004 112231034X 
LOK |0 005 20151005153743 
LOK |0 008 960603||||||||||||||||ger||||||| 
LOK |0 040   |a DE-21  |c DE-627  |d DE-21 
LOK |0 852   |a DE-21 
LOK |0 852 1  |c KB 1 C 6-2  |9 00 
LOK |0 935   |a konv  |a krim 
LOK |0 939   |a 03-06-96  |b l01 
ORI |a SA-MARC-krimdoka001.raw 
SIG |a UB: KB 1 C 6-2